LEADER 01659nam 2200361Ia 450 001 996386499203316 005 20200824132509.0 035 $a(CKB)4940000000078298 035 $a(EEBO)2240982860 035 $a(OCoLC)ocm12646624e 035 $a(OCoLC)12646624 035 $a(EXLCZ)994940000000078298 100 $a19851008d1642 uy | 101 0 $aeng 135 $aurbn||||a|bb| 200 04$aThe svpplication of all the papists of England to King James at his first comming to the crowne for a tolleration of their religion$b[electronic resource] $ewherein, with much impudence, they professe and protest themselves to be the onely obedient one's unto the soveraigne Princes, under whom they live, out of conscience to avoid sin : when not long after they fell upon that un-exampled piece of villany, the Gun-pouder treason : whereunto is added, A letter sent from Bishop Abbot Archbishop of Canterbury to the King : against toleration of the popish religion 210 $aLondon $cPrinted by E. Griffen$d1642 215 $a6 p 300 $aReproduction of original in Thomason Collection, British Library. 330 $aeebo-0158 606 $aChurch and state$zEngland$y17th century 607 $aGreat Britain$xReligion$y17th century 615 0$aChurch and state 701 $aAbbot$b George$f1562-1633.$01002222 801 0$bEAA 801 1$bEAA 801 2$bOCL 801 2$bm/c 801 2$bWaOLN 906 $aBOOK 912 $a996386499203316 996 $aThe svpplication of all the papists of England to King James at his first comming to the crowne for a tolleration of their religion$92339118 997 $aUNISA